Anechoic and reverberation chambers : (Record no. 588465)

000 -LEADER
fixed length control field 01667cam a22004098i 4500
001 - CONTROL NUMBER
control field 20698306
003 - CONTROL NUMBER IDENTIFIER
control field NUST
005 - DATE AND TIME OF LATEST TRANSACTION
control field 20220301125147.0
008 - FIXED-LENGTH DATA ELEMENTS--GENERAL INFORMATION
fixed length control field 181009s2018 nju b 001 0 eng
010 ## - LIBRARY OF CONGRESS CONTROL NUMBER
LC control number 2018025829
020 ## - INTERNATIONAL STANDARD BOOK NUMBER
International Standard Book Number 9781119361688 (hardcover)
038 ## - RECORD CONTENT LICENSOR
Staff Name waseem
040 ## - CATALOGING SOURCE
Original cataloging agency DLC
Language of cataloging eng
Description conventions rda
Transcribing agency DLC
042 ## - AUTHENTICATION CODE
Authentication code pcc
050 00 - LIBRARY OF CONGRESS CALL NUMBER
Classification number QC667.A54
Item number X83 2018
082 00 - DEWEY DECIMAL CLASSIFICATION NUMBER
Classification number 621.30287
Author Mark QIA
100 1# - MAIN ENTRY--PERSONAL NAME
Personal name Xu, Qian,
Dates associated with a name 1985-
Relator term author.
9 (RLIN) 90039
245 10 - TITLE STATEMENT
Title Anechoic and reverberation chambers :
Remainder of title theory, design and measurements /
Statement of responsibility, etc. Qian Xu, College of Electronic and Information Engineering, Nanjing University of Aeronautics and Astronautics, Nanjing, China, Yi Huang, The University of Liverpool, Liverpool, UK.
263 ## - PROJECTED PUBLICATION DATE
Projected publication date 1811
264 #1 - PRODUCTION, PUBLICATION, DISTRIBUTION, MANUFACTURE, AND COPYRIGHT NOTICE
Place of production, publication, distribution, manufacture U.S.A. :
Name of producer, publisher, distributor, manufacturer Wiley-IEEE Press,
Date of production, publication, distribution, manufacture, or copyright notice 2018.
300 ## - PHYSICAL DESCRIPTION
Extent 380p. ;
Dimensions 26 cm.
336 ## - CONTENT TYPE
Content type term text
Content type code txt
Source rdacontent
337 ## - MEDIA TYPE
Media type term unmediated
Media type code n
Source rdamedia
338 ## - CARRIER TYPE
Carrier type term volume
Carrier type code nc
Source rdacarrier
504 ## - BIBLIOGRAPHY, ETC. NOTE
Bibliography, etc. note Includes bibliographical references and index.
563 ## - BINDING INFORMATION
Binding note HBK.
650 #0 - SUBJECT ADDED ENTRY--TOPICAL TERM
Topical term or geographic name entry element Anechoic chambers.
9 (RLIN) 90040
650 #0 - SUBJECT ADDED ENTRY--TOPICAL TERM
Topical term or geographic name entry element Electromagnetic reverberation chambers.
9 (RLIN) 90041
650 #0 - SUBJECT ADDED ENTRY--TOPICAL TERM
Topical term or geographic name entry element Electromagnetic measurements.
9 (RLIN) 90042
650 #0 - SUBJECT ADDED ENTRY--TOPICAL TERM
Topical term or geographic name entry element Electromagnetic waves
General subdivision Transmission.
9 (RLIN) 90043
650 #0 - SUBJECT ADDED ENTRY--TOPICAL TERM
Topical term or geographic name entry element Shielding (Electricity)
9 (RLIN) 90044
700 1# - ADDED ENTRY--PERSONAL NAME
Personal name Huang, Yi,
Dates associated with a name 1964-
Relator term author.
9 (RLIN) 90045
776 08 - ADDITIONAL PHYSICAL FORM ENTRY
Relationship information Online version:
Main entry heading Xu, Qian, 1985- author.
Title Anechoic and reverberation chambers
Place, publisher, and date of publication Hoboken, NJ, USA : Wiley-IEEE Press, 2018
International Standard Book Number 9781119362029
Record control number (DLC) 2018050886
906 ## - LOCAL DATA ELEMENT F, LDF (RLIN)
a 7
b cbc
c orignew
d 1
e ecip
f 20
g y-gencatlg
942 ## - ADDED ENTRY ELEMENTS (KOHA)
Source of classification or shelving scheme
Koha item type Book
Holdings
Withdrawn status Lost status Source of classification or shelving scheme Damaged status Not for loan Permanent Location Current Location Shelving location Date acquired Source of acquisition Full call number Barcode Date last seen Price effective from Koha item type
          Central Library (CL) Central Library (CL) Electrical Engineering 03/01/2022 Multiline Book 621.30287 QIA CL-988 07/21/2023 03/01/2022 Book
© 2023 Central Library, National University of Sciences and Technology. All Rights Reserved.